Statistics for Vocabulary starting with i

Click here to take the quiz!

General Stats

  • This quiz has been taken 23 times
  • The average score is 11 of 30

Answer Stats

HINTANSWER% Correct
What is a thought or concept that typically guides action?Idea
89%
What is a small arthropod with three pairs of legs and typically one or two pairs of wings?Insect
83%
What is being well known for some bad quality or deed?Infamous
78%
What is to do physical harm or damage to someone?Injure
78%
What is to receive something from someone after their death?Inherit
61%
What is to create or design (something that has not existed before)?Invent
56%
What is something that is certain to happen and cannot be avoided or prevented?Inevitable
50%
What is a new method, idea, product, etc.?Innovation
50%
What is to look at (someone or something) closely, typically to assess their condition or to discover any shortcomings?Inspect
50%
What is very complicated or detailed?Intricate
44%
What is to fill someone with the urge or ability to do or feel something, especially to do something creative?Inspire
39%
What is to prevent (a process or activity) from continuing or being carried out properly?Interfere
39%
What is to ask questions of (someone, especially a suspect or a prisoner) closely, aggressively, or formally?Interrogate
39%
What is to allocate (money) in the expectation of some benefit in the future?Invest
39%
What is a meeting of people face to face, especially for consultation?Interview
33%
What is closely acquainted; familiar, close?Intimate
33%
What is a deep understanding of a person or thing?Insight
28%
What is to bring (something, especially a product, measure, or concept) into use or operation for the first time?Introduce
28%
What is to force something unwelcome or unfamiliar to be accepted or put in place?Impose
22%
What is a particular form or branch of economic or commercial activity?Industry
22%
What is an aim or purpose?Intent
22%
What is to obstruct (someone or something) so as to prevent them from continuing to a destination?Intercept
22%
What is the inside part of something?Interior
22%
What is occurring at irregular intervals; not continuous or steady?Intermittent
22%
What is an idea, feeling, or opinion about something or someone, especially one formed without conscious thought or on the basis of little evidence?Impression
17%
What is to come between so as to prevent or alter a result or course of events?Intervene
17%
What is to combine (one thing) with another so that they become a whole?Integrate
11%
What is the quality of being honest and having strong moral principles?Integrity
11%
What is of extreme force, degree, or strength?Intense
11%
What is to explain the meaning of (information or actions)?Interpret
6%

Score Distribution

Percentile by Number Answered

Percent of People with Each Score

Your Score History

You have not taken this quiz